000 01105cam a22003377a 4500
003 CHAP
005 20220817043446.0
008 980701d1995 it r 00110 spa d
010 _a75853
011 _a76825
020 _a9253032782
035 _a86415
040 _cCHAP
082 0 4 _a632.93
_bF3Y v.117
110 2 _aFAO
245 1 0 _aSemilla de calidad declarada :
_bdirectrices técnicas sobre normas y procedimientos
_c/por FAO
260 _aRoma :
_bFAO,
_c1995.
300 _a242 p.
490 0 _aFAO. Producción y protección vegetal
_v; 117
590 _aBATCH-UPD
_b10
_c20130110
_lUCH01
_h0843
590 _aBATCH-UPD
_b10
_c20130410
_lUCH01
_h0517
590 _aBATCH-UPD
_b10
_c20130914
_lUCH01
_h1429
590 _aCONVERSION
_b10
_c20130109
_lUCH01
_h1341
650 1 4 _aSemillas
_xCertificación.
_9103883
650 1 4 _aSemillas
_xNormas de calidad.
_9103921
830 0 _aFAO. Producción y protección vegetal
_v; 117
_939654
901 _aBK
905 _aLilia Sánchez G.
942 _cLIBRO
949 _a632.93 F3Y v.117
_bBC
_cFAO
_d33724000697421
_eFAO1
_h93603
_i86415
_kDonaciØn
_sb
999 _c75853
_d75853